LEADER 01311nam--2200397---450- 001 990005847410203316 005 20130523110928.0 010 $a978-88-7524-224-4 035 $a000584741 035 $aUSA01000584741 035 $a(ALEPH)000584741USA01 035 $a000584741 100 $a20130523d2013----km-y0itay50------ba 101 $aita 102 $aIT 105 $a||||||||001yy 200 1 $a<> disciplina delle s.r.l.$etesto aggiornato alla circolare del Ministero dello Sviluppo economico 2 gennaio 2013, n. 3657/C$fDamiano Marinelli, Saverio Sabatini 210 $aTorino$cGiappichelli$d2013 215 $aIX, 359 p.$d24 cm 225 2 $aDiritto e professione$iDiritto civile$v24 410 0$12001$aDiritto e professione$iDiritto civile$v, 24 454 1$12001 461 1$1001-------$12001 606 0 $aSocietà a responsabilità limitata$2BNCF 676 $a346.450668 700 1$aMARINELLI,$bDamiano$0605709 701 1$aSABATINI,$bSaverio$0617063 801 0$aIT$bsalbc$gISBD 912 $a990005847410203316 951 $aXXV.3.E. 708$b76912 G.$cXXV.3.E.$d00341101 959 $aBK 969 $aGIU 979 $aFIORELLA$b90$c20130523$lUSA01$h1107 979 $aFIORELLA$b90$c20130523$lUSA01$h1109 996 $aDisciplina delle s.r.l$91086863 997 $aUNISA LEADER 02371oam 2200505M 450 001 9910715615103321 005 20191121064231.4 035 $a(CKB)5470000002513917 035 $a(OCoLC)1065578366 035 $a(OCoLC)995470000002513917 035 $a(EXLCZ)995470000002513917 100 $a20070221d1845 ua 0 101 0 $aeng 135 $aurcn||||||||| 181 $ctxt$2rdacontent 182 $cc$2rdamedia 183 $acr$2rdacarrier 200 10$aIn Senate of the United States. February 10, 1845. Submitted, and ordered to be printed. Mr. Bayard submitted the following report: (To accompany Bill S. 76.) The Committee on Naval Affairs, to whom was referred Senate Bill No. 76, providing for the establishment of a naval school, submit the following report.. 210 1$a[Washington, D.C.] :$c[publisher not identified],$d1845. 215 $a1 online resource (6 pages) 225 1 $aSenate document / 28th Congress, 2nd session. Senate ;$vno. 92 225 1 $a[United States congressional serial set] ;$v[serial no. 451] 300 $aTitle taken from opening lines of text. 300 $aA Bill Providing for the Establishment of a Naval School, p. 5. 300 $aBatch processed record: Metadata reviewed, not verified. Some fields updated by batch processes. 300 $aFDLP item number not assigned. 517 $aIn Senate of the United States. February 10, 1845. Submitted, and ordered to be printed. Mr. Bayard submitted the following report 606 $aMilitary bases 606 $aNautical training-schools 606 $aMilitary education 606 $aWarships 608 $aLegislative materials.$2lcgft 615 0$aMilitary bases. 615 0$aNautical training-schools. 615 0$aMilitary education. 615 0$aWarships. 701 $aBayard$b Richard H$g(Richard Henry),$f1796-1868$pWhig (DE)$01408598 801 0$bWYU 801 1$bWYU 801 2$bOCLCO 801 2$bOCLCQ 906 $aBOOK 912 $a9910715615103321 996 $aIn Senate of the United States. February 10, 1845. Submitted, and ordered to be printed. Mr. Bayard submitted the following report: (To accompany Bill S. 76.) The Committee on Naval Affairs, to whom was referred Senate Bill No. 76, providing for the establishment of a naval school, submit the following report.$93536181 997 $aUNINA LEADER 03615nam 22004575 450 001 9910300522403321 005 20220120213204.0 010 $a9783319619170 010 $a3319619179 024 7 $a10.1007/978-3-319-61917-0 035 $a(CKB)3780000000451290 035 $a(MiAaPQ)EBC4982377 035 $a(DE-He213)978-3-319-61917-0 035 $a(PPN)25947360X 035 $a(Perlego)3493006 035 $a(EXLCZ)993780000000451290 100 $a20170822d2018 u| 0 101 0 $aeng 135 $aurcnu|||||||| 181 $2rdacontent 182 $2rdamedia 183 $2rdacarrier 200 10$aInternational Disputes and Cultural Ideas in the Canadian Arctic $eArctic Sovereignty in the National Consciousness /$fby Danita Catherine Burke 205 $a1st ed. 2018. 210 1$aCham :$cSpringer International Publishing :$cImprint: Palgrave Macmillan,$d2018. 215 $a1 online resource (244 pages) $cillustrations, tables 311 08$a9783319619163 311 08$a3319619160 320 $aIncludes bibliographical references at the end of each chapters and index. 327 $aChapter 1: No Canada Without the Arctic -- Chapter 2: Riches in the Wilderness -- Chapter 3: Protecting the Home Front -- Chapter 4: Who Owns the Northwest Passage? -- Chapter 5: Get Off My Property! Approaching the Boundary Disputes in the Arctic Archipelago Region. . 330 $a"Today, when much IR literature about Arctic affairs focuses on the regional level, and where 'governance' is something of a buzzword, Danita Catherine Burke's book offers a fresh alternative. If you want to understand Canada's approach to the Arctic, Burke argues, you have to acknowledge the importance of cultural and political ideas that play out on the domestic level. After reading this book, I am convinced she is right." Stian Bones, Professor of History, UiT The Arctic University of Norway "Dr. Burke's work serves to correlate a burgeoning Canadian identity with the momentum of history viewed across the growing awareness of a young nation's respons ibilities in its own back yard. She posits an evolving grasp of the Arctic within the hearts and minds of the Canadian Citizen. It is this burgeoning awareness within the Public Square, to claim sovereignty within and beyond the cold and remote icescape of the North, which ultimately defines Canada's Crown Jewel." Ken Hedges, FRGS This book explores the Canadian relationship with its portion of the Arctic region which revolves around the dramatic split between the appearance of absent-minded governance, bordering on indifference toward the region, and the raging nationalism during moments of actual and perceived challenge toward the sovereignty of the imagined "Canadian Arctic region." Canada's nationalistic relationship with the Arctic region is often discussed as a reactionary phenomenon to the Americanization of Canada and the product of government propaganda. As this book illustrates, however, the complexity and evolution of the Canadian relationship with the Arctic region and its implication for Canada's approach toward international relations requires a more in-depth exploration. 606 $aPolitical science 606 $aPolitics and International Studies 615 0$aPolitical science. 615 14$aPolitics and International Studies. 676 $a971.9 700 $aBurke$b Danita Catherine$4aut$4http://id.loc.gov/vocabulary/relators/aut$0892037 906 $aBOOK 912 $a9910300522403321 996 $aInternational Disputes and Cultural Ideas in the Canadian Arctic$91992208 997 $aUNINA